000 00596nam a2200193 4500
001 115963
003 ES-MaACL
005 20230906190614.0
007 t|
008 061121s1968 sp r ||||1| spa d
100 1 _aPanero, Juan Luis.
_988765
245 1 0 _aA través del tiempo /
_cJuan Luis Panero.
260 _aMadrid :
_bCultura Hispánica,
_c1968.
300 _a87 p. ;
_c20 cm.
490 1 _aPoesía de España y América. La encina y el mar ;
_v37
830 1 _aPoesía de España y América. La encina y el mar ;
_v37
_9179340
852 _aES-MaACL
_jG-8415
999 _c115963
_d115963